000 00397nam a2200169Ia 4500
003 OSt
005 20240320155717.0
008 170619s9999 xx 000 0 und d
020 _a9780070668614
040 _cIIMT ENGINEERING COLLEGE
100 _aShigley- J E
245 0 _aMechanical Engineering design
260 _bMc Graw Hill
260 _c1986
546 _aENGLISH
942 _2ddc
_c02
999 _c16948
_d16948